00611 2200205 4500001002100000005001500021035002000036007000300056008004100059020002200100082001000122084001600132100001800148245011200166260004300278300002800321650002200349650002400371990001000395INLIS00000000001402620260415024637 a0010-0126000233ta260415 0 ind  a978-623-7706-05-2 a323.4 a323.4 SAR k0 aSarifah Suhra1 aKiprah Politisi Perempuan dalam Mewujudkan Pendidikan Berkeadilan Gender di Kabupaten Bone /cSarifah Suhra aTulungagung :bAkademia Pustaka,c2019 axii + 365 hlm. ;c21 cm 4aKesetaraan Gender 4aKoleksi Karya Lokal a21683